The best American mystery stories, 2001 / (Record no. 589768)

000 -LEADER
fixed length control field 00445nam a22001457a 4500
020 ## - INTERNATIONAL STANDARD BOOK NUMBER
International Standard Book Number 0618124926
082 ## - DEWEY DECIMAL CLASSIFICATION NUMBER
Classification number 813.087208
Author Mark LAW
100 ## - MAIN ENTRY--PERSONAL NAME
Personal name Block, Lawrence
245 ## - TITLE STATEMENT
Title The best American mystery stories, 2001 /
Statement of responsibility, etc. Lawrence Block
260 ## - PUBLICATION, DISTRIBUTION, ETC.
Place of publication, distribution, etc. New York:
Name of publisher, distributor, etc. Houghton Mifflin Company,
Date of publication, distribution, etc. 2001.
300 ## - PHYSICAL DESCRIPTION
Extent 349 p.
563 ## - BINDING INFORMATION
Binding note HBK
650 ## - SUBJECT ADDED ENTRY--TOPICAL TERM
Topical term or geographic name entry element Short stories, American
-- Detective and mystery stories, American
942 ## - ADDED ENTRY ELEMENTS (KOHA)
Source of classification or shelving scheme
Koha item type Book
650 ## - SUBJECT ADDED ENTRY--TOPICAL TERM
-- 91638
Holdings
Withdrawn status Lost status Source of classification or shelving scheme Damaged status Not for loan Permanent Location Current Location Shelving location Date acquired Total Checkouts Full call number Barcode Date last seen Date last checked out Price effective from Koha item type
          Central Library (CL) Central Library (CL) Fiction 05/18/2022 2 813.087208 LAW CL3277 10/17/2025 10/02/2025 05/18/2022 Book
© 2023 Central Library, National University of Sciences and Technology. All Rights Reserved.